000 00705nam a22002057a 4500
005 2010081301231.0
010 _aENG-100051
020 _a9789380502267
_c595.00
035 _aEN-83583
037 _bDBAD/PUB
082 _a921
100 _aDilbagh, Singh
_912478
245 _aOn the wings of destiny an autobiography /
_cby Dilbagh, Singh
260 _aNew Delhi
_bKW Publishers
_c2010
270 _a4672/21, First Floor, Ansari Road, Darya Ganj
_bNew Delhi
_e110002
300 _axi,215p.
_c24cm (pbk)
_ephotos
650 _aBiography
_912479
942 _2ddc
_cEN
_h921
_mDIL
999 _c41570
_d41570